Journal of Ayurveda and integrative medicine
Explores the relationships between Ayurveda, biomedicine, and other contemporary health sciences.
| Autor Corporativo: | |
|---|---|
| Formato: | Electrónico Revista |
| Lenguaje: | inglés |
| Publicado: |
Mumbai :
Medknow Publications
|
| Materias: | |
| Acceso en línea: | Full text available from Research Library: 01/01/2010 to 12/31/2015 Full text available from Research Library: 01/01/2018 to present |
MARC
| LEADER | 00000nas a2200000 a 4500 | ||
|---|---|---|---|
| 001 | ssj0000392736 | ||
| 003 | WaSeSS | ||
| 005 | 20200512172242.0 | ||
| 006 | m d | ||
| 007 | cr n | ||
| 008 | 100902c20109999ii qr p s | 0eng | ||
| 010 | |a 2011243315 | ||
| 016 | 7 | |a 101551404 |2 DNLM | |
| 022 | |a 0976-2809 |l 0975-9476 |y 0975-9476 | ||
| 035 | |a (WaSeSS)ssj0000392736 | ||
| 040 | |a AU@ |b eng |c AU@ |d OCLCQ |d UX0 |d NLM |d CLU |d OCLCQ |d OCLCO |d OCLCQ |d OCLCF |d CUS |d OCLCA |d CUS |d OCLCO |d OCLCQ |d EUW |d OCLCO |d OCLCQ |d OCLCO |d OCLCQ |d WaSeSS | ||
| 042 | |a pcc | ||
| 050 | 4 | |a R605 | |
| 060 | 1 | 0 | |a W1 |
| 210 | 0 | |a J Ayurveda Integr Med |b (online) | |
| 222 | 0 | |a Journal of Aurveda and integrative medicine |b (online) | |
| 245 | 0 | 0 | |a Journal of Ayurveda and integrative medicine |h [electronic resource]. |
| 246 | 1 | |a J-AIM | |
| 260 | |a Mumbai : |b Medknow Publications | ||
| 310 | |a Quarterly | ||
| 362 | 1 | |a Began with v. 1, issue 1 (Jan/Mar. 2010). | |
| 500 | |a A professional journal led by the Institute of Ayurveda and Integrative Medicine. | ||
| 506 | |a License restrictions may limit access. | ||
| 520 | |a Explores the relationships between Ayurveda, biomedicine, and other contemporary health sciences. | ||
| 588 | |a Description based on: Vol. 1, issue 1 (Jan./Mar. 2010); title from journal home page (publisher's Web site, viewed May 3, 2011). | ||
| 588 | |a Latest issue consulted: Vol. 2, issue 1 (Jan./Mar. 2011) (viewed May 3, 2011). | ||
| 650 | 0 | |a Medicine, Ayurvedic |v Periodicals. | |
| 650 | 1 | 2 | |a Medicine, Ayurvedic. |
| 650 | 2 | 2 | |a Integrative Medicine. |
| 650 | 7 | |a Medicine, Ayurvedic. |2 fast |0 (OCoLC)fst01015196 | |
| 655 | 0 | |a Electronic journals. | |
| 710 | 2 | |a Indian Institute of Ayurveda & Integrative Medicine (Bangalore, India) | |
| 776 | 0 | 8 | |i Print version: |t Journal of Ayurveda and integrative medicine |x 0975-9476 |
| 856 | 4 | 0 | |z Full text available from Research Library: 01/01/2010 to 12/31/2015 |u https://search.proquest.com/publication/226491 |
| 856 | 4 | 0 | |z Full text available from Research Library: 01/01/2018 to present |u https://search.proquest.com/publication/226491 |